000 00855nam a2200313 a 4500
003 AR-BaBNM
005 20251128203742.0
008 082120s2002 ||||||||||||||000 | spa||
040 _cAR-BaBNM
245 0 0 _aLa poesía inglesa
_bde los primitivos a los neoclásicos
250 _a1ª ed.
260 _aBarcelona
_bEdiciones Lauro
_c1947
300 _a440 p.
500 _aContiene versiones en español e inglés de los textos seleccionados
650 4 _aLITERATURA INGLESA
650 4 _aLITERATURA FOLKLORICA
650 4 _aPOESIA
650 4 _aANTOLOGIAS
650 4 _aLITERATURA EXTRANJERA
650 4 _aCULTURAS LITERARIAS
650 4 _aTEATRO
650 4 _aRENACIMIENTO
650 4 _aEDAD MEDIA
650 4 _aHISTORIA LITERARIA
655 _aLITERATURA
700 1 _aManent, M.
_eprologuista
942 _cBK
998 _cMARTIN
999 _c4793
_d4793